000 00599nam a2200217Ia 4500
003 OSt
005 20251016190214.0
008 210423s1970 xx 000 0 und d
040 _cAL
041 _aEnglish
082 _a361.4
_bBHAR
100 _aPerviz Markand Bhatt
_9101989
245 _aRecords of group work practice in India
260 _aBaroda
_bFaculty Of Social Work
_c1970
300 _aii,69
_bPB
365 _b10
_cINR
650 _aGroup Work
_9101990
650 _aSocial Problems & Services
_9101991
906 _agroup ; India ; practice ; Records ; work
942 _2ddc
_cBK
999 _c171842
_d171842